000 01456nam a2200385 i 4500
001 25394
003 KOSZ 005
005 20200507145735.0
008 071020s1971 pl a f 000 0 pol
015 _aPB 1971/10633
035 _a(OCoLC)812688567
040 _aWA N
_cWA N
_dKOSZ 005/KK
041 1 _apol
_hrus
080 _a666.9:691
100 1 _aGluhovskoj, K. A.
245 1 0 _aProdukcja i montaż prefabrykowanych łupin żelbetowych /
_cK. A. Głuchowskoj, G. B. Kupersztejn, A. P. Łukin ; [przeł. Józef Blicharski, Włodziemierz Witusiński].
246 1 _iTytuł oryginału:
_aIzgotovlenie i montaž železobetonnyh oboloček.
260 _aWarszawa :
_b"Arkady",
_c1971.
300 _a252, [3] strony :
_bilustracje ;
_c23 cm.
336 _2rdacontent
_aTekst
_btxt
337 _2rdamedia
_aBez urządzenia pośredniczącego
_bn
338 _2rdacarrier
_aWolumin
_bnc
380 _aKsiążki.
504 _aBibliografia na stronie [255].
658 _aArchitektura i budownictwo
650 4 _aPrefabrykaty
650 4 _aKonstrukcje żelbetowe
700 1 _aKuperštejn, G. B.
700 1 _aLukin, A. P.
700 1 _aWitusiński, Włodziemierz.
_eTł.
710 2 _aWydawnictwo "Arkady".
_4pbl.
700 1 _aBlicharski, Józef
_eTłumaczenie
856 _uhttp://koha.tu.koszalin.pl/cgi-bin/koha/opac-detail.pl?biblionumber=25394
_yKatalog online BPK
942 _2UKD
_cKS
999 _c25394
_d25394